[Event "4NCL/Div1/3CS1 vs. AD"]
[Site "Wokefield Park ENG"]
[Date "2007.03.04"]
[Round "8.1"]
[White "Gordon, Stephen J"]
[Black "Chandler, Murray G"]
[Result "1/2-1/2"]
[WhiteElo "2486"]
[BlackElo "2548"]
[PlyCount "92"]
[EventDate "2007.03.04"]
[EventType "team"]
[EventRounds "11"]
[EventCountry "ENG"]
[WhiteTeam "3Cs Oldham"]
[BlackTeam "The ADs"]

1. d4 Nf6 2. c4 e6 3. Nf3 b6 4. a3 d5 5. cxd5 exd5 6. Nc3 Be7 7. Bf4 O-O 8. e3
Nh5 9. Bg3 g6 10. Be2 Be6 11. Ne5 Nxg3 12. hxg3 Bf6 13. Nd3 c5 14. dxc5 bxc5
15. Rc1 Nd7 16. Bf3 Rb8 17. Qd2 c4 18. Nb4 Ne5 19. Kf1 a5 20. Nbxd5 Nxf3 21.
Nxf6+ Qxf6 22. gxf3 Qxf3 23. Rh4 Rfd8 24. Qc2 Rd3 25. Kg1 Rbd8 26. Rf4 Qb7 27.
Ne4 Qe7 28. g4 h6 29. b4 axb4 30. axb4 Qxb4 31. Kh2 Qb3 32. Kg3 g5 33. Nf6+ Kf8
34. Re4 Qxc2 35. Rxc2 Ke7 36. Nh5 Rd1 37. Kg2 Kd6 38. Ng3 Bd5 39. Rcxc4 Bxc4
40. Rxc4 Kd5 41. Rc7 Ke6 42. Rc6+ R1d6 43. Rxd6+ Rxd6 44. Nf5 Ra6 45. Nxh6 Ra4
46. Kf3 Ra7 1/2-1/2

[Event "4NCL/Div1/3CS1 vs. AD"]
[Site "Wokefield Park ENG"]
[Date "2007.03.04"]
[Round "8.2"]
[White "Rogers, Ian"]
[Black "Davies, Nigel R"]
[Result "1/2-1/2"]
[WhiteElo "2529"]
[BlackElo "2503"]
[PlyCount "115"]
[EventDate "2007.03.04"]
[EventType "team"]
[EventRounds "11"]
[EventCountry "ENG"]
[WhiteTeam "The ADs"]
[BlackTeam "3Cs Oldham"]

1. e4 e5 2. Nf3 Nc6 3. Bb5 a6 4. Ba4 Nf6 5. O-O Be7 6. Re1 b5 7. Bb3 d6 8. c3
O-O 9. h3 Be6 10. d4 Bxb3 11. Qxb3 Qb8 12. Bg5 h6 13. Bxf6 Bxf6 14. d5 Na5 15.
Qd1 c6 16. dxc6 Qc7 17. Na3 Qxc6 18. Nc2 Nc4 19. Nb4 Qc5 20. Qe2 Nb6 21. Rad1
Rfb8 22. Nh2 Bg5 23. g3 a5 24. Nd5 b4 25. Nxb6 Rxb6 26. c4 b3 27. a3 Rc6 28. h4
Bd8 29. Rc1 a4 30. Nf1 Qa7 31. Ne3 Rac8 32. Red1 g6 33. Kg2 Kg7 34. Nd5 Qd7 35.
Nb4 R6c7 36. Rd5 Rc5 37. Rxc5 Rxc5 38. Nd5 h5 39. Qd3 Qc8 40. Kh2 Ba5 41. f4
exf4 42. Qd4+ Kh7 43. Nxf4 Re5 44. Rf1 Qc5 45. Qd3 Bd8 46. Nd5 Kg7 47. Nc3 Qc6
48. Rf4 Rc5 49. Nb5 Rxc4 50. Rxf7+ Kg8 51. Nxd6 Rc1 52. Qd4 Qc2+ 53. Rf2 Qxf2+
54. Qxf2 Rc2 55. Kg1 Rxf2 56. Kxf2 Bf6 57. Nc4 Bd4+ 58. Kf3 1/2-1/2

[Event "4NCL/Div1/3CS1 vs. AD"]
[Site "Wokefield Park ENG"]
[Date "2007.03.04"]
[Round "8.3"]
[White "Haslinger, Stewart G"]
[Black "Mestel, A Jonathan"]
[Result "1-0"]
[WhiteElo "2451"]
[BlackElo "2478"]
[PlyCount "63"]
[EventDate "2007.03.04"]
[EventType "team"]
[EventRounds "11"]
[EventCountry "ENG"]
[WhiteTeam "3Cs Oldham"]
[BlackTeam "The ADs"]

1. e4 c5 2. Nf3 d6 3. d4 cxd4 4. Nxd4 Nf6 5. Nc3 g6 6. Be3 Bg7 7. f3 O-O 8. Qd2
Nc6 9. O-O-O d5 10. exd5 Nxd5 11. Nxc6 bxc6 12. Bd4 e5 13. Bc5 Be6 14. Ne4 Re8
15. h4 h6 16. g4 Qc7 17. g5 h5 18. Bc4 a5 19. a4 Red8 20. Qf2 Rab8 21. b3 Qc8
22. Rd2 Nf4 23. Rxd8+ Qxd8 24. Bxe6 Nxe6 25. Rd1 Nd4 26. Bd6 Rb7 27. f4 Rd7 28.
fxe5 Nf5 29. Rd3 Nxd6 30. exd6 Kh8 31. Qf4 Qe8 32. Nf6 1-0

[Event "4NCL/Div1/3CS1 vs. AD"]
[Site "Wokefield Park ENG"]
[Date "2007.03.04"]
[Round "8.4"]
[White "Cernousek, Lukas"]
[Black "Arakhamia-Grant, Ketevan"]
[Result "1-0"]
[WhiteElo "2397"]
[BlackElo "2437"]
[PlyCount "167"]
[EventDate "2007.03.04"]
[EventType "team"]
[EventRounds "11"]
[EventCountry "ENG"]
[WhiteTeam "The ADs"]
[BlackTeam "3Cs Oldham"]

1. d4 Nf6 2. c4 g6 3. Nf3 Bg7 4. g3 O-O 5. Bg2 d6 6. O-O c5 7. d5 a6 8. a4 e6
9. Nc3 exd5 10. cxd5 Re8 11. Nd2 Nbd7 12. h3 Rb8 13. Nc4 Ne5 14. Na3 Qc7 15. f4
Ned7 16. e4 c4 17. Be3 Nxe4 18. Nxe4 f5 19. Ng5 Rxe3 20. Ne6 Rxe6 21. dxe6 Nf6
22. Nxc4 d5 23. Ne5 Bxe6 24. Qd4 Ne4 25. Kh2 Re8 26. Rac1 Qb8 27. Bxe4 fxe4 28.
Rc5 Qd6 29. Rfc1 Qf8 30. Rxd5 Qf5 31. Kg1 Bxd5 32. Qxd5+ Kf8 33. Qxb7 e3 34. g4
Qe6 35. Rc6 Qa2 36. Rc8 Bxe5 37. fxe5 Qb1+ 38. Kh2 Rxc8 39. Qxc8+ Ke7 40. Qc5+
Ke8 41. Qxe3 Qxb2+ 42. Kg3 Qb4 43. Kh4 Qxa4 44. Qa7 Qe4 45. Qb8+ Kf7 46. Qc7+
Kf8 47. Qc5+ Kg7 48. Qc3 Kf7 49. Kg5 Ke6 50. Kh6 Qxe5 51. Qc4+ Ke7 52. Kxh7 Qf6
53. Qc7+ Ke8 54. Qc8+ Ke7 55. Qc5+ Kf7 56. Qc4+ Ke7 57. Qe4+ Kd7 58. Qd5+ Ke7
59. g5 Qb6 60. Qe5+ Kd7 61. Qg7+ Kc8 62. Qxg6 Qc7+ 63. Qg7 Qg3 64. Qf8+ Kb7 65.
Qe7+ Kc6 66. Qe4+ Kb5 67. h4 Qc7+ 68. Kh6 Qd8 69. Qe5+ Kb4 70. Qf6 Qd3 71. g6
Qe3+ 72. Kh7 Qd3 73. h5 a5 74. Kh8 Qh3 75. Qf8+ Kb3 76. Qf7+ Kb2 77. g7 Qc3 78.
Qf2+ Kb1 79. Qf5+ Kb2 80. Kh7 Qc7 81. Qf2+ Kb1 82. Qf1+ Ka2 83. Qg2+ Kb1 84.
Kh6 1-0

[Event "4NCL/Div1/3CS1 vs. AD"]
[Site "Wokefield Park ENG"]
[Date "2007.03.04"]
[Round "8.5"]
[White "Ashton, Adam G"]
[Black "Jirka, Jiri"]
[Result "0-1"]
[WhiteElo "2290"]
[BlackElo "2360"]
[PlyCount "126"]
[EventDate "2007.03.04"]
[EventType "team"]
[EventRounds "11"]
[EventCountry "ENG"]
[WhiteTeam "3Cs Oldham"]
[BlackTeam "The ADs"]

1. e4 e5 2. Nf3 Nc6 3. Bb5 Nd4 4. Nxd4 exd4 5. O-O Bc5 6. d3 c6 7. Ba4 a5 8.
Bb3 d5 9. a4 Nf6 10. Bg5 Be6 11. Nd2 h6 12. Bxf6 Qxf6 13. f4 g6 14. f5 gxf5 15.
exf5 Bd7 16. Qe1+ Kd8 17. Qf2 Re8 18. c4 dxc3 19. Qxc5 cxd2 20. Qf2 Qxb2 21.
Rab1 Qe5 22. Qb6+ Qc7 23. Qf2 f6 24. Qxd2 Qe5 25. Kh1 Kc7 26. d4 Qe3 27. Qb2
Qe2 28. Bc2 Ra7 29. Qb6+ Kb8 30. Qc5 Ra6 31. Rfd1 Qe7 32. Qc3 Qd6 33. Bd3 Ra7
34. Qd2 h5 35. Qh6 Kc7 36. Qxh5 Raa8 37. Qf3 Re7 38. Re1 Rae8 39. Rxe7 Rxe7 40.
h3 b6 41. Bf1 Re4 42. Qb3 c5 43. dxc5 Qxc5 44. Qb2 Rb4 45. Qa1 Rxb1 46. Qxb1 d4
47. Bd3 Bxa4 48. h4 Qe5 49. h5 Bc6 50. Qg1 Qf4 51. Qh2 Qxh2+ 52. Kxh2 Bd5 53.
h6 Bg8 54. g4 Kd6 55. Bc4 Bh7 56. Kg3 Ke5 57. Bf7 a4 58. Bg6 a3 59. Bf7 Ke4 60.
Be6 d3 61. Kf2 Kf4 62. Ke1 Kxg4 63. Kd2 Kg5 0-1

[Event "4NCL/Div1/3CS1 vs. AD"]
[Site "Wokefield Park ENG"]
[Date "2007.03.04"]
[Round "8.6"]
[White "Snape, Ian"]
[Black "Bentley, John L"]
[Result "1/2-1/2"]
[WhiteElo "2235"]
[BlackElo "2241"]
[PlyCount "34"]
[EventDate "2007.03.04"]
[EventType "team"]
[EventRounds "11"]
[EventCountry "ENG"]
[WhiteTeam "The ADs"]
[BlackTeam "3Cs Oldham"]

1. c4 Nf6 2. Nc3 g6 3. g3 Bg7 4. Bg2 O-O 5. Nf3 d6 6. O-O c6 7. Rb1 Bf5 8. d3
Qc8 9. b4 Bh3 10. Qb3 Bxg2 11. Kxg2 Nbd7 12. Ba3 Nh5 13. b5 c5 14. Nd5 Qd8 15.
Bb2 e6 16. Bxg7 Nxg7 17. Nc3 f5 1/2-1/2

[Event "4NCL/Div1/3CS1 vs. AD"]
[Site "Wokefield Park ENG"]
[Date "2007.03.04"]
[Round "8.7"]
[White "James, Dale R"]
[Black "Richardson, John R"]
[Result "1/2-1/2"]
[WhiteElo "2160"]
[BlackElo "2312"]
[PlyCount "33"]
[EventDate "2007.03.04"]
[EventType "team"]
[EventRounds "11"]
[EventCountry "ENG"]
[WhiteTeam "3Cs Oldham"]
[BlackTeam "The ADs"]

1. e4 d5 2. exd5 Qxd5 3. d4 Nf6 4. c4 Qd6 5. Nc3 c6 6. Nge2 Bf5 7. Qb3 Qc7 8.
Bf4 Qb6 9. Qxb6 axb6 10. Ng3 Bg6 11. h4 h6 12. a3 Nbd7 13. Be2 e6 14. Rc1 Be7
15. O-O Ra5 16. Rfd1 O-O 17. Be3 1/2-1/2

[Event "4NCL/Div1/3CS1 vs. AD"]
[Site "Wokefield Park ENG"]
[Date "2007.03.04"]
[Round "8.8"]
[White "Bellin, Jana"]
[Black "Walton, Alan J"]
[Result "1/2-1/2"]
[WhiteElo "2142"]
[BlackElo "2235"]
[PlyCount "23"]
[EventDate "2007.03.04"]
[EventType "team"]
[EventRounds "11"]
[EventCountry "ENG"]
[WhiteTeam "The ADs"]
[BlackTeam "3Cs Oldham"]

1. d4 e6 2. Nf3 f5 3. d5 Be7 4. Nc3 Nf6 5. dxe6 dxe6 6. Qxd8+ Bxd8 7. Bf4 O-O
8. e3 c6 9. Bd6 Re8 10. Bd3 Nd5 11. Nxd5 exd5 12. O-O 1/2-1/2

[Event "4NCL/Div1/BRI1 vs. SWD1"]
[Site "Wokefield Park ENG"]
[Date "2007.03.04"]
[Round "8.1"]
[White "Rudd, Jack"]
[Black "Cobb, James E"]
[Result "1/2-1/2"]
[WhiteElo "2359"]
[BlackElo "2420"]
[PlyCount "51"]
[EventDate "2007.03.04"]
[EventType "team"]
[EventRounds "11"]
[EventCountry "ENG"]
[WhiteTeam "Bristol 1"]
[BlackTeam "S W Dragons 1"]

1. e4 d6 2. d4 g6 3. c4 Bg7 4. Nc3 e5 5. dxe5 dxe5 6. Qxd8+ Kxd8 7. f4 Be6 8.
Nf3 Nd7 9. Be3 Ngf6 10. h3 exf4 11. Bxf4 Nh5 12. Bh2 Bxc3+ 13. bxc3 Re8 14.
O-O-O Nhf6 15. Bd3 Nc5 16. e5 Nfd7 17. Ng5 h6 18. Nxe6+ Rxe6 19. Be2 Ke8 20.
Bg4 Re7 21. Rhe1 Rd8 22. Kc2 Nb6 23. Rd4 Ne6 24. Rde4 Nc5 25. Rd4 Ne6 26. Rde4
1/2-1/2

[Event "4NCL/Div1/BRI1 vs. SWD1"]
[Site "Wokefield Park ENG"]
[Date "2007.03.04"]
[Round "8.2"]
[White "Cooper, John G"]
[Black "Berzinsh, Roland"]
[Result "1-0"]
[WhiteElo "2345"]
[BlackElo "2438"]
[PlyCount "47"]
[EventDate "2007.03.04"]
[EventType "team"]
[EventRounds "11"]
[EventCountry "ENG"]
[WhiteTeam "S W Dragons 1"]
[BlackTeam "Bristol 1"]

1. d4 Nf6 2. c4 e6 3. Nc3 Bb4 4. Bg5 h6 5. Bh4 c5 6. d5 Bxc3+ 7. bxc3 d6 8. e3
Qe7 9. Nf3 e5 10. Nd2 g5 11. Bg3 Bf5 12. Be2 Nbd7 13. f3 e4 14. f4 gxf4 15.
Bxf4 Rg8 16. O-O Bh3 17. Rf2 Bg4 18. Rb1 Bxe2 19. Rxe2 O-O-O 20. Qa4 Nb8 21.
Qxa7 Rd7 22. Nb3 b5 23. Qa3 Ra7 24. Bxd6 1-0

[Event "4NCL/Div1/BRI1 vs. SWD1"]
[Site "Wokefield Park ENG"]
[Date "2007.03.04"]
[Round "8.3"]
[White "Cobb, Charles"]
[Black "Trevelyan, John"]
[Result "1-0"]
[WhiteElo "2405"]
[BlackElo "2210"]
[PlyCount "63"]
[EventDate "2007.03.04"]
[EventType "team"]
[EventRounds "11"]
[EventCountry "ENG"]
[WhiteTeam "Bristol 1"]
[BlackTeam "S W Dragons 1"]

1. c4 d6 2. Nc3 e5 3. d4 exd4 4. Qxd4 Nc6 5. Qd2 Be6 6. e4 Nf6 7. b3 a5 8. Bb2
a4 9. Rd1 axb3 10. axb3 g6 11. Bd3 Bg7 12. Nge2 O-O 13. O-O Ng4 14. h3 Nge5 15.
Bb1 f5 16. f4 Nd7 17. exf5 Bxf5 18. Bxf5 Rxf5 19. Nd5 Rf7 20. Bxg7 Rxg7 21. Ng3
Nc5 22. b4 Ne6 23. f5 gxf5 24. Nxf5 Rg5 25. Rde1 Ne5 26. Rxe5 dxe5 27. Nh6+ Kg7
28. Nf7 c6 29. Nxd8 Rxd8 30. h4 Rg6 31. Qe3 cxd5 32. Qxe5+ 1-0

[Event "4NCL/Div1/BRI1 vs. SWD1"]
[Site "Wokefield Park ENG"]
[Date "2007.03.04"]
[Round "8.4"]
[White "Blackburn, Jonathan L B"]
[Black "Sherwin, James T"]
[Result "1-0"]
[WhiteElo "2206"]
[BlackElo "2249"]
[PlyCount "77"]
[EventDate "2007.03.04"]
[EventType "team"]
[EventRounds "11"]
[EventCountry "ENG"]
[WhiteTeam "S W Dragons 1"]
[BlackTeam "Bristol 1"]

1. d4 Nf6 2. c4 e6 3. Nc3 d5 4. Bg5 Be7 5. e3 h6 6. Bxf6 Bxf6 7. Qf3 c6 8. cxd5
cxd5 9. Bd3 Nc6 10. a3 b6 11. Nge2 Bb7 12. Nf4 Bg5 13. Nh5 g6 14. h4 gxh5 15.
hxg5 hxg5 16. Rxh5 Rxh5 17. Qxh5 Qf6 18. Ke2 O-O-O 19. Qf3 Qxf3+ 20. Kxf3 e5
21. Bf5+ Kb8 22. Rd1 f6 23. Kg4 exd4 24. exd4 Rh8 25. g3 Rh2 26. Rd2 Ne7 27.
Re2 Nxf5 28. Kxf5 Rh6 29. Ke6 Bc8+ 30. Kxd5 Bb7+ 31. Ke6 Bf3 32. Rd2 Kc7 33. d5
Bg4+ 34. Ke7 a6 35. Ne4 f5 36. d6+ Kb7 37. d7 Rh7+ 38. Kf6 Kc7 39. d8=Q+ 1-0

[Event "4NCL/Div1/BRI1 vs. SWD1"]
[Site "Wokefield Park ENG"]
[Date "2007.03.04"]
[Round "8.5"]
[White "Beaumont, Chris"]
[Black "Zeidler, Sven P"]
[Result "1/2-1/2"]
[WhiteElo "2314"]
[BlackElo "2211"]
[PlyCount "47"]
[EventDate "2007.03.04"]
[EventType "team"]
[EventRounds "11"]
[EventCountry "ENG"]
[WhiteTeam "Bristol 1"]
[BlackTeam "S W Dragons 1"]

1. d4 f5 2. Nc3 d5 3. Bf4 Nf6 4. e3 c6 5. Bd3 e6 6. Nf3 Be7 7. O-O O-O 8. Ne2
Ne4 9. c4 g5 10. Be5 Nd7 11. h3 Qe8 12. Bh2 Qh5 13. Ne5 Nxe5 14. Bxe5 Bf6 15.
f3 Nc5 16. cxd5 Nxd3 17. Qxd3 exd5 18. e4 Bxe5 19. dxe5 dxe4 20. fxe4 f4 21.
Nd4 Re8 22. Nf3 Be6 23. Rad1 Qg6 24. Qc3 1/2-1/2

[Event "4NCL/Div1/BRI1 vs. SWD1"]
[Site "Wokefield Park ENG"]
[Date "2007.03.04"]
[Round "8.6"]
[White "James, David J"]
[Black "Buckley, David E"]
[Result "1/2-1/2"]
[WhiteElo "2224"]
[BlackElo "2232"]
[PlyCount "54"]
[EventDate "2007.03.04"]
[EventType "team"]
[EventRounds "11"]
[EventCountry "ENG"]
[WhiteTeam "S W Dragons 1"]
[BlackTeam "Bristol 1"]

1. Nf3 c5 2. c4 Nf6 3. Nc3 d5 4. cxd5 Nxd5 5. d4 Nxc3 6. bxc3 g6 7. e4 Bg7 8.
Be3 Qa5 9. Qd2 Nc6 10. Rc1 cxd4 11. cxd4 Qxd2+ 12. Kxd2 O-O 13. Bc4 Rd8 14. d5
Na5 15. Rhd1 Bd7 16. Bb3 e6 17. Ke1 Nxb3 18. axb3 exd5 19. exd5 b5 20. Bd4 a5
21. Bxg7 Kxg7 22. Nd4 b4 23. Nc6 Re8+ 24. Kf1 a4 25. bxa4 Rxa4 26. Ra1 Rxa1 27.
Rxa1 Bxc6 1/2-1/2

[Event "4NCL/Div1/BRI1 vs. SWD1"]
[Site "Wokefield Park ENG"]
[Date "2007.03.04"]
[Round "8.7"]
[White "Collier, David O"]
[Black "Morris, Charles F"]
[Result "0-1"]
[WhiteElo "2149"]
[BlackElo "2207"]
[PlyCount "48"]
[EventDate "2007.03.04"]
[EventType "team"]
[EventRounds "11"]
[EventCountry "ENG"]
[WhiteTeam "Bristol 1"]
[BlackTeam "S W Dragons 1"]

1. d4 e6 2. c4 d5 3. Nc3 c5 4. e3 Nf6 5. Nf3 Nc6 6. a3 a6 7. dxc5 Bxc5 8. b4
Ba7 9. Bb2 O-O 10. b5 Ne7 11. Qb3 axb5 12. Nxb5 Bc5 13. Be2 Qa5+ 14. Bc3 Qa4
15. Nd2 dxc4 16. Qxc4 Qxc4 17. Bxc4 Bd7 18. Bb2 Ned5 19. O-O Nxe3 20. fxe3
Bxe3+ 21. Kh1 Bxb5 22. Bxb5 Bxd2 23. Bxf6 gxf6 24. Rxf6 Bc3 0-1

[Event "4NCL/Div1/BRI1 vs. SWD1"]
[Site "Wokefield Park ENG"]
[Date "2007.03.04"]
[Round "8.8"]
[White "Smith, Olivia"]
[Black "James, Ann-Marie"]
[Result "1/2-1/2"]
[WhiteElo "1977"]
[BlackElo "2063"]
[PlyCount "85"]
[EventDate "2007.03.04"]
[EventType "team"]
[EventRounds "11"]
[EventCountry "ENG"]
[WhiteTeam "S W Dragons 1"]
[BlackTeam "Bristol 1"]

1. e4 e5 2. Nf3 Nc6 3. Bc4 Nf6 4. d3 Be7 5. O-O O-O 6. c3 d6 7. Nbd2 Na5 8. Bb3
Nxb3 9. axb3 Re8 10. Re1 c6 11. Nf1 Qc7 12. Ng3 h6 13. d4 Bg4 14. h3 Bxf3 15.
Qxf3 Qb6 16. Nf5 Kh7 17. Bxh6 Bf8 18. Bg5 Nd7 19. Ra4 a5 20. b4 Qb5 21. Rea1
exd4 22. Rxa5 Rxa5 23. Rxa5 Qc4 24. Nxd4 Ne5 25. Qg3 Nd3 26. Qh4+ Kg8 27. Bd2
Ne5 28. Qg3 c5 29. bxc5 dxc5 30. b3 Qd3 31. Qxd3 Nxd3 32. Nf3 Rxe4 33. Be3 f5
34. Ng5 Re8 35. g3 Bd6 36. Bd2 f4 37. gxf4 b6 38. Ra4 Rf8 39. Ne6 Rf6 40. Re4
Kf7 41. Ng5+ Kg6 42. Ne6 Kf7 43. Ng5+ 1/2-1/2

[Event "4NCL/Div1/GUI1 vs. SLOS1"]
[Site "Wokefield Park ENG"]
[Date "2007.05.05"]
[Round "9.1"]
[White "Rowson, Jonathan"]
[Black "Navara, David"]
[Result "1/2-1/2"]
[WhiteElo "2594"]
[BlackElo "2720"]
[PlyCount "64"]
[EventDate "2007.05.05"]
[EventType "team"]
[EventRounds "11"]
[EventCountry "ENG"]
[WhiteTeam "Guildford-ADC 1"]
[BlackTeam "Slough Sharks 1"]

1. d4 Nf6 2. c4 e6 3. Nc3 Bb4 4. Qc2 d5 5. a3 Bxc3+ 6. Qxc3 Ne4 7. Qc2 c5 8.
dxc5 Nc6 9. e3 O-O 10. b4 b6 11. cxb6 axb6 12. Bb2 Qd6 13. Rd1 Rd8 14. Qb3 Ne5
15. f3 Bd7 16. fxe4 Ba4 17. Qc3 Bxd1 18. exd5 exd5 19. Qxe5 Qxe5 20. Bxe5 dxc4
21. Bd4 Bb3 22. Ne2 Rxa3 23. Nc3 Ra1+ 24. Kd2 Rda8 25. b5 Ba4 26. Nxa4 R1xa4
27. Kc3 Rc8 28. Bxb6 Ra3+ 29. Kd4 Ra1 30. Kc3 Ra3+ 31. Kd4 Ra1 32. Kc3 Ra3+
1/2-1/2

[Event "4NCL/Div1/GUI1 vs. SLOS1"]
[Site "Wokefield Park ENG"]
[Date "2007.05.05"]
[Round "9.2"]
[White "Jones, Gawain C B"]
[Black "Hebden, Mark L"]
[Result "1-0"]
[WhiteElo "2524"]
[BlackElo "2519"]
[PlyCount "103"]
[EventDate "2007.05.05"]
[EventType "team"]
[EventRounds "11"]
[EventCountry "ENG"]
[WhiteTeam "Slough Sharks 1"]
[BlackTeam "Guildford-ADC 1"]

1. e4 e5 2. Nf3 Nc6 3. d4 exd4 4. Nxd4 Nf6 5. Nxc6 bxc6 6. e5 Qe7 7. Qe2 Nd5 8.
c4 Ba6 9. b3 O-O-O 10. g3 f6 11. Bg2 fxe5 12. O-O Nf6 13. Bb2 Re8 14. Re1 h5
15. Qd2 Qb4 16. Rxe5 Rxe5 17. Bxe5 Qxd2 18. Nxd2 Bb4 19. Nf3 Re8 20. Bxf6 gxf6
21. Bh3 Bb7 22. Rd1 Re7 23. Nh4 c5 24. Kf1 Be4 25. Bf5 Bc6 26. Ng6 Re8 27. h4
Bc3 28. Nf4 Re5 29. Bd3 d6 30. Be2 Be8 31. Nd5 Bd4 32. f4 Re4 33. Bd3 Bg6 34.
Bxe4 Bxe4 35. f5 Be5 36. Re1 Bd3+ 37. Kg2 Kd8 38. Ne3 Bc3 39. Rd1 Be4+ 40. Kf2
Bd4 41. Ke2 Ke7 42. Rf1 c6 43. g4 hxg4 44. Nxg4 Bg2 45. Rf4 d5 46. h5 Be4 47.
Nf2 Bxf2 48. Kxf2 Kf7 49. Ke3 Kg7 50. Rg4+ Kh7 51. Kf4 Bb1 52. Rg6 1-0

[Event "4NCL/Div1/GUI1 vs. SLOS1"]
[Site "Wokefield Park ENG"]
[Date "2007.05.05"]
[Round "9.3"]
[White "Conquest, Stuart C"]
[Black "Hinks-Edwards, Thomas"]
[Result "1/2-1/2"]
[WhiteElo "2546"]
[BlackElo "2369"]
[PlyCount "135"]
[EventDate "2007.05.05"]
[EventType "team"]
[EventRounds "11"]
[EventCountry "ENG"]
[WhiteTeam "Guildford-ADC 1"]
[BlackTeam "Slough Sharks 1"]

1. d4 Nf6 2. c4 e6 3. Nf3 Nc6 4. Nc3 Bb4 5. Qc2 d6 6. Bd2 O-O 7. a3 Bxc3 8.
Bxc3 Qe7 9. g3 e5 10. d5 Nb8 11. Nh4 c6 12. Bg2 cxd5 13. cxd5 Na6 14. e4 Ne8
15. O-O Bd7 16. Rfe1 g6 17. b4 Ng7 18. Qd2 Nc7 19. Bb2 Rfc8 20. h3 Nce8 21. Qe3
Rc7 22. Rac1 Rxc1 23. Rxc1 Qd8 24. Bf1 a6 25. Kh2 Rc8 26. Bd3 Rxc1 27. Qxc1 Qc8
28. Qxc8 Bxc8 29. g4 f6 30. Kg3 Kf7 31. Nf3 g5 32. Nd2 Ke7 33. Nb3 Kd8 34. Bc1
Bd7 35. Be3 Kc7 36. f3 h6 37. Nd2 Ba4 38. h4 Bd7 39. Nb1 Kc8 40. Nc3 Nc7 41.
Kf2 Nb5 42. Bxb5 Bxb5 43. a4 Bd7 44. b5 axb5 45. axb5 Ne8 46. b6 Kd8 47. Kg3
Ke7 48. Bc1 Ng7 49. h5 Ne8 50. Ba3 Ng7 51. Kf2 Ne8 52. Ke3 Ng7 53. Kd3 Ne8 54.
Kc4 Ng7 55. Nd1 Ne8 56. Ne3 Kd8 57. Kb4 Kc8 58. Nc4 Kd8 59. Bb2 Kc8 60. Bc1 Kd8
61. Ba3 Ke7 62. Na5 Bc8 63. Kc4 Kd7 64. Kb5 Kd8 65. Nc6+ Kd7 66. Bb4 Ng7 67.
Bd2 Ne8 68. Bb4 1/2-1/2

[Event "4NCL/Div1/GUI1 vs. SLOS1"]
[Site "Wokefield Park ENG"]
[Date "2007.05.05"]
[Round "9.4"]
[White "Gourlay, Iain"]
[Black "King, Daniel J"]
[Result "0-1"]
[WhiteElo "2343"]
[BlackElo "2528"]
[PlyCount "76"]
[EventDate "2007.05.05"]
[EventType "team"]
[EventRounds "11"]
[EventCountry "ENG"]
[WhiteTeam "Slough Sharks 1"]
[BlackTeam "Guildford-ADC 1"]

1. Nf3 b6 2. e4 Bb7 3. Nc3 Nf6 4. e5 Nd5 5. Nxd5 Bxd5 6. d4 e6 7. Be2 c5 8. c4
Bxf3 9. Bxf3 Nc6 10. dxc5 Bxc5 11. O-O O-O 12. Bf4 Qc7 13. Re1 Rad8 14. Bg5 Be7
15. Bxe7 Nxe7 16. Qe2 d6 17. exd6 Rxd6 18. Rad1 Rfd8 19. Rxd6 Rxd6 20. Rd1 Nf5
21. Rxd6 Qxd6 22. g3 g6 23. Kg2 a5 24. Be4 Nd4 25. Qd3 Kg7 26. h4 h6 27. b3 f5
28. Bf3 g5 29. hxg5 hxg5 30. Qc3 g4 31. Ba8 e5 32. Bd5 Kg6 33. Qe3 Qf6 34. Qe1
e4 35. Qh1 Nf3 36. Bg8 Qg7 37. Bd5 e3 38. Bxf3 gxf3+ 0-1

[Event "4NCL/Div1/GUI1 vs. SLOS1"]
[Site "Wokefield Park ENG"]
[Date "2007.05.05"]
[Round "9.5"]
[White "Kosten, Anthony C"]
[Black "Krensing, Jan"]
[Result "1/2-1/2"]
[WhiteElo "2517"]
[BlackElo "2323"]
[PlyCount "69"]
[EventDate "2007.05.05"]
[EventType "team"]
[EventRounds "11"]
[EventCountry "ENG"]
[WhiteTeam "Guildford-ADC 1"]
[BlackTeam "Slough Sharks 1"]

1. c4 c5 2. Nf3 g6 3. d4 cxd4 4. Nxd4 Bg7 5. e4 Nc6 6. Be3 d6 7. Nc3 Nf6 8. Be2
O-O 9. O-O Bd7 10. Qd2 Nxd4 11. Bxd4 Bc6 12. f3 a5 13. b3 Nd7 14. Be3 Nc5 15.
Rab1 Qb6 16. Rfc1 Rfc8 17. Rc2 h5 18. a3 Qd8 19. b4 axb4 20. axb4 Na4 21. Nd5
e6 22. Nf4 Qf6 23. Bf1 Nc3 24. Rb3 Nxe4 25. fxe4 Ba4 26. Rbc3 Bxc2 27. Rxc2 Ra1
28. Qf2 Rb1 29. Nd3 Qa1 30. g3 Ra8 31. Kg2 Ra3 32. Be2 Ra2 33. Bd1 Ra3 34. Be2
Ra2 35. Bd1 1/2-1/2

[Event "4NCL/Div1/GUI1 vs. SLOS1"]
[Site "Wokefield Park ENG"]
[Date "2007.05.05"]
[Round "9.6"]
[White "Roberson, Peter T"]
[Black "Howell, David W L"]
[Result "0-1"]
[WhiteElo "2213"]
[BlackElo "2511"]
[PlyCount "82"]
[EventDate "2007.05.05"]
[EventType "team"]
[EventRounds "11"]
[EventCountry "ENG"]
[WhiteTeam "Slough Sharks 1"]
[BlackTeam "Guildford-ADC 1"]

1. e4 g6 2. d4 Bg7 3. Nf3 d6 4. Bc4 e6 5. O-O Ne7 6. Bf4 Nd7 7. e5 d5 8. Bd3 h6
9. c3 g5 10. Bg3 Nf5 11. Nfd2 h5 12. Bxf5 exf5 13. f4 g4 14. Nb3 Nf8 15. Nc1 b6
16. Qd3 h4 17. Bf2 Qd7 18. Be3 a5 19. b3 a4 20. Na3 Ba6 21. c4 h3 22. Rd1 Ng6
23. Nc2 Bf8 24. Ne2 Nh4 25. Ne1 Qc6 26. Qc2 Rd8 27. Nc3 Bb4 28. Nxd5 Rxd5 29.
cxd5 Qxd5 30. Qxc7 O-O 31. Bd2 Qxd4+ 32. Kh1 hxg2+ 33. Nxg2 Qe4 34. Rg1 Bxd2
35. Qe7 Ng6 36. Qf6 Bb7 37. e6 Qxe6 38. Qd4 Be3 39. Qd3 Bxg1 40. Rxg1 Nxf4 41.
Qd2 Nxg2 0-1

[Event "4NCL/Div1/GUI1 vs. SLOS1"]
[Site "Wokefield Park ENG"]
[Date "2007.05.05"]
[Round "9.7"]
[White "Prie, Eric"]
[Black "Muter, Donny"]
[Result "1-0"]
[WhiteElo "2513"]
[BlackElo "2196"]
[PlyCount "45"]
[EventDate "2007.05.05"]
[EventType "team"]
[EventRounds "11"]
[EventCountry "ENG"]
[WhiteTeam "Guildford-ADC 1"]
[BlackTeam "Slough Sharks 1"]

1. d4 d5 2. Nf3 Nf6 3. a3 Bf5 4. c4 c6 5. cxd5 cxd5 6. Qb3 Qc7 7. Nc3 Nc6 8.
Nxd5 Qa5+ 9. Nc3 O-O-O 10. e3 e6 11. Bd2 Qb6 12. Qxb6 axb6 13. Rc1 Bd6 14. Bb5
Kb8 15. Na4 Na7 16. Be2 Nc8 17. Nc3 h6 18. Nb5 Ne4 19. Nxd6 Nexd6 20. O-O f6
21. Bb4 Ne7 22. Nd2 Nc6 23. Bxd6+ 1-0

[Event "4NCL/Div1/GUI1 vs. SLOS1"]
[Site "Wokefield Park ENG"]
[Date "2007.05.05"]
[Round "9.8"]
[White "Oliver, Shannon"]
[Black "Collas, Silvia"]
[Result "0-1"]
[WhiteElo "1925"]
[BlackElo "2401"]
[PlyCount "72"]
[EventDate "2007.05.05"]
[EventType "team"]
[EventRounds "11"]
[EventCountry "ENG"]
[WhiteTeam "Slough Sharks 1"]
[BlackTeam "Guildford-ADC 1"]

1. e4 c5 2. Nf3 e6 3. d4 cxd4 4. Nxd4 a6 5. Nc3 Qc7 6. Bd3 Nc6 7. Nf3 Nf6 8.
O-O Be7 9. Qe2 Ng4 10. Be3 b5 11. a4 b4 12. Nb1 O-O 13. Nbd2 Bb7 14. Nc4 Nxe3
15. Qxe3 d5 16. exd5 exd5 17. Nce5 Bf6 18. Nxc6 Qxc6 19. Ng5 g6 20. Rab1 Qxa4
21. h4 b3 22. cxb3 Qxh4 23. Nf3 Qb4 24. Bc2 Rac8 25. Bd1 Rfe8 26. Qh6 Bg7 27.
Qh3 a5 28. Kh2 d4 29. Qg4 Rc5 30. g3 h5 31. Qd7 Bc6 32. Qh3 d3 33. Ng1 Bf6 34.
Bf3 Bb5 35. Qg2 d2 36. Rfd1 Re1 0-1